Weihnachts-Quiz #2 - Statistiken

Allgemein
  • Dieses Quiz wurde 6.019 mal gespielt
  • Das Durchschnittsergebnis liegt bei 12 aus 18
Antwortstatistiken
Frage Antwort % Korrekt
Woraus ist meistens die Nase eines Schneemanns? Karotte
98%
Mann von Maria, der Mutter Jesu Josef
96%
Welcher Baum wird zu Weihnachten besungen? Tannenbaum
93%
Woraus sind meistens die Augen eines Schneemanns? Kieselsteine / Kohle
87%
Welche zwei Tiere werden oft in Krippen gestellt? Esel
84%
Fröhliche Weihnachten und ein ... schönes Neues Jahr
83%
Gold, Weihrauch und ... Myrrhe
79%
Stille Nacht, heilige Nacht! / Alles schläft, ______ wacht einsam
73%
Aus welchem Land kommt die Tradition des Christbaums? Deutschland
64%
Welcher Engel besuchte Maria? Gabriel
62%
Welche liturgische Farbe hat das Messgewand der_des Pfarrer_in zu Weihnachten? Weiß
61%
Wie heißt Weihnachten auf Französisch? Noël
56%
Welches bekannte Weihnachtsgebäck ist sichelförmig? Vanillekipferl
55%
Laut dem gregorianischen Kalender feiert die Orthodoxe Kirche Weihnachten am ... 6. Jänner
52%
Welche zwei Tiere werden oft in Krippen gestellt? Ochse
52%
Welches wichtige jüdische Fest findet in der Weihnachtszeit statt? Chanukka
51%
Wer ließ alle Neugeborene ermorden, denen nach der Geburt das männliche Geschlecht zugewiesen wurde, in der Hoffnung dadurch Jesus zu töten? König Herodes
37%
Kurz vor Weihnachten findet jedes Jahr ein stellares Ereignis statt. Welches? Wintersonnenwende
23%
Keine übereinstimmenden Quizze gefunden
Verteilung der Resultate
Anzahl Personen mit jedem Resultat
Perzentil nach korrekt beantworteten Fragen
Ihre Resultats-Entwicklung
Sie haben dieses Quiz noch nicht gespielt